La mia famiglia mi somiglia /

Le orecchie dello zio Gino, gli occhi della nonna Sandra, la bocca della mamma e addirittura il naso del bisnonno Carletto... Queste sono solamente alcune delle incredibili somiglianze che una bambina sempre più spaesata si sente attribuire da un folto stuolo di parenti un po' invadenti. La piccola...

Deskribapen osoa

Gorde:
Xehetasun bibliografikoak
Egile nagusia: Sdralevich, Teresa (Egilea)
Formatua: Liburua
Hizkuntza:italiera
Argitaratua: Reggio Emilia : Minibombo, 2022
Saila:Bombi di cartone
Etiketak: Etiketa erantsi
Etiketarik gabe, Izan zaitez lehena erregistro honi etiketa jartzen!

MARC

LEADER 00000nam a22000007i 4500
001 IT\ICCU\RAV\2150849
003 ItRI
005 20260115232205.0
008 220613s2022 it |||||| ||||| |||||c
020 |a 9788898177783 
040 |b ita  |c importazione bologna sebina 
041 7 |a ita  |2 ISO-639-2 
082 |a 853.92R  |9 NARRATIVA ITALIANA, 2000- PER RAGAZZI  |2 23 
100 1 |a Sdralevich, Teresa  |0 IT\ICCU\RAVV\104022  |4 aut 
240 1 3 |a La mia famiglia mi somiglia  |3 IT\ICCU\VIA\0493791  |9 Sdralevich, Teresa 
245 1 3 |a La mia famiglia mi somiglia /  |c Teresa Sdralevich. 
260 |a Reggio Emilia :  |b Minibombo,  |c 2022 
300 |a 1 volume (senza paginazione) :  |b cartone, ill. ;  |c 17x17 cm 
500 |a In quarta di copertina: ...e la tua? 
500 |a Titolo della copertina 
520 |a Le orecchie dello zio Gino, gli occhi della nonna Sandra, la bocca della mamma e addirittura il naso del bisnonno Carletto... Queste sono solamente alcune delle incredibili somiglianze che una bambina sempre più spaesata si sente attribuire da un folto stuolo di parenti un po' invadenti. La piccola protagonista darà prova di tutta la sua pazienza fino a un'imprevedibile e risolutiva affermazione finale che sembrerà mettere tutti d'accordo! Età di lettura: da 3 anni. 
830 0 |a Bombi di cartone  |0 IT\ICCU\UBO\4539780 
942 |2 ddc  |c BK  |n 0 
952 |0 0  |1 0  |4 0  |6 R_306_800000000000000_SDR  |7 0  |9 21669  |a BO  |b BO  |d 2026-01-15  |i 19843  |l 0  |o R 306.8 SDR  |p BO19843  |r 2026-01-15 23:22:05  |w 2026-01-15  |x [Sebina 5] [1 v.]  |y BK  |z 1 v. 
999 |c 18507  |d 18507